00738nam a2200217 a 450000100060000000300080000600500170001400800410003103500190007204000270009104100080011808200250012610000580015124500700020926000380027930000330031750400380035065100320038865100350042070000650045564041BD-RjUL20211209081250.0170208s1947 nyuabc b 001 0 eng  a(BD-RjUL)64171 aDLCcOAUdBD-RjULbeng aeng a940.28223bGAE 19471 aGarrett, Mitchell B.q(Mitchell Bennett),d1881-1959.10aEurope since 1815 /cby Mitchell B. Garrett and James L. Godfrey. aNew York :bF. S. Crofts,cc1947. axx, 763 p. :bill. ;c24 cm. a"Reading references": p. 729-746. 0aEuropexHistoryy1789-1900. 0aEuropexHistoryy20th century.1 aGodfrey, James L.q(James Logan),d1907-1994,ejoint author.